| 000 | 00459nam a22001937a 4500 | ||
|---|---|---|---|
| 999 |
_c22838 _d22838 |
||
| 003 | OSt | ||
| 008 | 201102b ||||| |||| 00| 0 eng d | ||
| 020 | _a8171640443 | ||
| 082 |
_a677 _bP14P |
||
| 100 | _aPandey, S. N. | ||
| 245 | _aPineapple Leaf Fibres | ||
| 260 |
_aNew Delhi _bICAR _c2005 |
||
| 300 | _aiii,97p. | ||
| 650 | _aTechnology (Applied Sciences) | ||
| 650 | _aManufactures | ||
| 650 | _aFibers | ||
| 650 | _aPlant Fibers | ||
| 942 |
_2ddc _cBK |
||